Представление документа в формате RUSMARC

ПолеНазваниеЗначение
  Тип записи a
  Библиографический уровень m
001 Контрольный номер RU/SLIB/B/208753431
005 Дата корректировки 20241029122122.6
010 Индекс ISBN __
d Цена 150000-00
101 Язык документа 0_
a Язык текста rus
200 Заглавие и сведения об ответственности 1_
a Заглавие У Шагала
f Первые сведения об ответственности Дронников Н.
b Общее обозначение материала Текст
210 Выходные данные 1_
a Место издания Париж
c Издательство Изд. авт.
d Дата издания [1985?]
215 Физическое описание __
a Объем 10, [3] с.
300 Общие примечания __
a Общие примечания Изд. авт.
a Общие примечания Ред. кн.
a Общие примечания Напеч. 400 экз.
a Общие примечания № 374
600 Персоналии _1
a Персоналии (Фамилия) Шагал, М. З.
c Дополнение к имени художник
f Даты 1887-1985
g Полное имя Марк Захарович
606 Тематические рубрики __
a Основная рубрика Изобразительное искусство и архитектура
606 Тематические рубрики __
a Основная рубрика История живописи
606 Тематические рубрики __
a Основная рубрика Книжное дело
606 Тематические рубрики __
a Основная рубрика История книги
610 Ключевые слова 0_
a Ключевые слова художники; картины; персоналии; история живописи; русская живопись; французская живопись
686 Индексы других классификаций __
a Классификационный индекс 85.143(2=611.215)6-8я61
686 Индексы других классификаций __
a Классификационный индекс 85.143(4Фра)6-8я61
686 Индексы других классификаций __
a Классификационный индекс 76.10
700 Автор _1
a Фамилия Дронников
b Имя Н.
g Полное личное имя Николай
4 Код отношения 070
801 Источник записи _0
a Страна RU
b Организация Муниципальное бюджетное учреждение культуры "Централизованная библиотечная система" г. Сургут (Центральная городская библиотека им. А. С. Пушкина)
g Правила каталогизации КиК/Михайлова
801 Источник записи _1
a Страна RU
b Организация Муниципальное бюджетное учреждение культуры "Централизованная библиотечная система" г. Сургут (Центральная городская библиотека им. А. С. Пушкина)
g Правила каталогизации КиК/Михайлова
852 Данные о местонахождении __
j Шифр хранения 85.143(2=611.215)6-8я61
c Каталожный индекс 85.143(4Фра); 76.10
i Авторский знак Д 75
p Инвентарный номер 53310
901 Тип документа __
t Тип документа m
990 Данные о заказе (DOS) __
j Количество экземпляров (DOS) 1
t N записи в КСУ для И/У (DOS) 199501